00881cam a22002654a 4500999001900000001000900019005001700028008004100045020001800086040001300104082002200117100002500139245009900164250001200263260003900275300003000314650002200344650003100366650002700397700002500424700002300449700002500472942000700497952011100504 c111939d1119391199942320190409101520.0000505s2001 paua b 001 0 eng  a9789350909997 cPK-LaUMT00a615.82221bOSU-P aO'Sullivan, Susan B.00aPhysical rehabilitation /cedited by Susan B. O'Sullivan, Thomas J. Schmitz and George D. Fulk a6th ed. aNew Delhi:bJaypee Brothers,c2014 a1505 p. :bill. ;c29 cm. 0aPhysical therapy.12aPhysical Therapyxmethods.22aDisability Evaluation.1 aO'Sullivan, Susan B.1 aSchmitz, Thomas J.1 aO'Sullivan, Susan B. cBK 00104070aHSCbHSCd2019-04-09l7o615.82 OSU-Pp129398r2022-06-20 00:00:00s2022-06-09w2019-04-09yBK